Estudi sobre la pràctica sostenible de l'esport en el medi natural
Descripción Física:
237 p. ; 24 cm
Colección:
Temes d'esports ; 8
MARC
| LEADER | 00000nam a2200000Ia 4500 | ||
|---|---|---|---|
| 001 | 11960 | ||
| 008 | 160829s1998 xx 000 0 cat d | ||
| 080 | |a P-1-24 | ||
| 245 | |a Estudi sobre la pràctica sostenible de l'esport en el medi natural | ||
| 260 | |a Barcelona : |b Diputació de Barcelona, Servei d'Esports i Turisme, |c 1998 | ||
| 300 | |a 237 p. ; |c 24 cm | ||
| 490 | |a Temes d'esports ; 8 | ||
| 650 | |a Esports |x Organització i administració |x Barcelona |9 21885 | ||
| 650 | |a Medi ambient |x Anàlisi d'impacte |x Barcelona |9 21886 | ||
| 650 | |a Ecologia del paisatge |x Barcelona |9 21887 | ||
| 710 | 2 | |a Barcelona (Catalunya : Província). |b Servei d'Esports i Turisme |9 54307 | |
| 901 | |a Arxiu | ||
| 942 | |n 1 | ||
| 952 | |0 0 |1 0 |4 0 |6 P124 |7 1 |9 41910 |a Arxiu |b Arxiu |d 2016-12-01 |l 0 |o P-1-24 |p 11960 |r 2016-12-01 00:00:00 |w 2016-12-01 |y ARXIU | ||
| 999 | |c 44357 |d 44357 | ||